5HLuxD.jpg

KING HENRY VIII SENIOR AND PRIMARY SCHOOL LIBRARY OPAC

The end of poverty : (Record no. 243)

000 -LEADER
fixed length control field 02375cam a2200649 a 4500
001 - CONTROL NUMBER
control field 015840255
003 - CONTROL NUMBER IDENTIFIER
control field UkOxU
005 - DATE AND TIME OF LATEST TRANSACTION
control field 20190802104717.0
008 - FIXED-LENGTH DATA ELEMENTS--GENERAL INFORMATION
fixed length control field 050224s2005 enkabo e b 001 0 eng d
015 ## - NATIONAL BIBLIOGRAPHY NUMBER
National bibliography number GBA517991
Source bnb
020 ## - INTERNATIONAL STANDARD BOOK NUMBER
International Standard Book Number 9780141018669 (pbk.)
020 ## - INTERNATIONAL STANDARD BOOK NUMBER
International Standard Book Number 0141018666 (pbk.)
035 ## - SYSTEM CONTROL NUMBER
System control number (Uk)013124186
035 ## - SYSTEM CONTROL NUMBER
System control number (OCoLC)60512066
040 ## - CATALOGING SOURCE
Original cataloging agency StDuBDS
Transcribing agency KH8
082 04 - DEWEY DECIMAL CLASSIFICATION NUMBER
Classification number 339.46 SAC
Edition number 22
100 1# - MAIN ENTRY--PERSONAL NAME
Personal name Sachs, Jeffrey.
Relator term author
245 14 - TITLE STATEMENT
Title The end of poverty :
Remainder of title how we can make it happen in our lifetime /
Statement of responsibility, etc. Jeffrey D. Sachs ; [foreword by Bono].
260 ## - PUBLICATION, DISTRIBUTION, ETC.
Place of publication, distribution, etc. London :
Name of publisher, distributor, etc. Penguin,
Date of publication, distribution, etc. 2005.
300 ## - PHYSICAL DESCRIPTION
Extent xviii, 396 p., [16] plates :
Other physical details ill. (some col.), col. maps ;
Dimensions 20 cm.
500 ## - GENERAL NOTE
General note Simultaneously published by London : Allen Lane and by Penguin in the USA.
504 ## - BIBLIOGRAPHY, ETC. NOTE
Bibliography, etc. note Includes bibliographical references and index.
650 #0 - SUBJECT ADDED ENTRY--TOPICAL TERM
Topical term or geographic name entry element Poverty.
650 #0 - SUBJECT ADDED ENTRY--TOPICAL TERM
Topical term or geographic name entry element Economic history
Chronological subdivision 1750-1918.
650 #0 - SUBJECT ADDED ENTRY--TOPICAL TERM
Topical term or geographic name entry element Economic history
Chronological subdivision 1918-
700 ## - ADDED ENTRY--PERSONAL NAME
Personal name Bono
Relator term Writer of foreword
942 ## - ADDED ENTRY ELEMENTS (KOHA)
Source of classification or shelving scheme
Koha item type Books - Non Ficton
Holdings
Withdrawn status Lost status Source of classification or shelving scheme Damaged status Not for loan Collection code Permanent Location Current Location Shelving location Date acquired Full call number Barcode Date last seen Price effective from Koha item type
          Non-Fiction KH8 Senior School Library KH8 Senior School Library Non Fiction 2019-08-02 339.46 SAC 3KHSL000100104 2019-08-02 2019-08-02 Books - Non Ficton

Powered By KH8 IT Dept